LEADER 05134oam 22013813a 450 001 9911070618303321 005 20260322101735.0 010 $z0435948075$b(v. 1) 010 $z9780435948078$b(v. 1) 010 $z0435948083$b(pbk. ;$bv. 1) 010 $z9780435948085$b(pbk. ;$bv. 1) 010 $z0520039122$b(University of California Press ;$bv. 1) 010 $z9780520039124$b(University of California Press ;$bv. 1) 010 $z9231017071 010 $z9789231017070 010 $z0435948059 010 $z9780435948054 010 $z0435948067 010 $z9780435948061 010 $z0435948113 010 $z9780435948115 010 $z0520039130$b(U.S. ;$bv. 2) 010 $z9780520039131$b(U.S. ;$bv. 2) 010 $z0520039203 010 $z9780520039209 010 $z0435948148 010 $z9780435948146 010 $z9231027581 010 $z9789231027581 010 $z0520039181 010 $z9780520039186 010 $z043594813X 010 $z9780435948139 010 $z9231017136 010 $z9789231017131 010 $z0520039173 010 $z9780520039179 010 $z0435948121 010 $z9780435948122 010 $z9231017128 010 $z9789231017124 010 $z0520039165 010 $z9780520039162 010 $z923101711X 010 $z9789231017117 010 $z0520039149 010 $z9780520039148 010 $z0435948091 010 $z9780435948092 010 $z9231017098 010 $z9789231017094 010 $z923101708X 010 $z9789231017087 010 $z0435948105 010 $z9780435948108 010 $z9231017101 010 $z9789231017100 010 $z0520039157 010 $z9780520039155 035 $a(OCoLC)1416215108$z(OCoLC)680566654 035 $a(EXLCZ)9945724742400041 100 $a20231226g19811993 uy 0 101 0 $aeng 135 $aurbn||||a|||| 135 $aurbn||||a|a|| 181 $ctxt$2rdacontent 182 $cc$2rdamedia 183 $acr$2rdacarrier 200 00$aGeneral history of Africa /$fUNESCO International Scientific Committee for the Drafting of a General History of Africa 210 $aLondon $cHeinemann Educational Books ;$aBerkeley $cUniversity of California Press$d1981-1993 215 $a1 online resource (8 volumes) $cillustrations, maps, portraits 311 1 $aOriginal (DLC) 78057321 (OCoLC)7220007 320 $aIncludes bibliographical references and indexes. 327 $g1.$tMethodology and African prehistory /$reditor, J. Ki-Zerbo --$g2.$tAncient civilizations of Africa /$reditor, G. Mokhtar --$g3.$tAfrica from the seventh to the eleventh century /$reditor, M. El Fasi --$g4.$tAfrica from the twelfth to the sixteenth century /$reditor, D.T. Niane --$g5.$tAfrica from the sixteenth to the eighteenth century /$reditor, B.A. Ogot --$g6.$tAfrica in the nineteenth century until the 1880s /$reditor, J.F. Ade Ajayi --$g7.$tAfrica under colonial domination 1880-1935 /$reditor, A.A. Boahen --$g8.$tAfrica since 1935 /$reditor Ali A. Mazrui ; assistant editor, C. Wondji. 330 $aV.1. Methodology and African prehistory -- v.2. Ancient civilizations of Africa -- v.3. Africa from the seventh to the eleventh century -- v.4. Africa from the twelfth to the sixteenth century -- v.5. Africa from the sixteenth to the eighteenth century -- v.6. The nineteenth century until the 1880s -- v.7. Africa under foreign domination 1880-1935 -- v.8. Africa since 1935. 606 $aPrehistoric peoples$zAfrica 606 $aSocie?te?s pre?historiques$zAfrique 606 $aCivilization$2fast 606 $aPrehistoric peoples$2fast 606 $aHISTORY$2unbist 606 $aAFRICA$2unbist 607 $aAfrica$xHistory 607 $aAfrica$xCivilization 607 $aAfrique$xHistoire 607 $aAfrique$xCivilisation 607 $aAfrica$2fast$1https://id.oclc.org/worldcat/entity/E39PBJkHrMyfHC67yqRTycbrv3 607 $aAfrica$xHistory$2nli 607 $aAfrica$xHistoriography$2nli 607 $aAfrique$xHistoire$2ram 615 0$aPrehistoric peoples 615 6$aSocie?te?s pre?historiques 615 7$aCivilization 615 7$aPrehistoric peoples 615 7$aHISTORY. 615 7$aAFRICA. 676 $a960 686 $a15.80$2bcl 701 2$aWallerstein$b Immanuel Maurice$f1930-2019.$0945391 702 $aKi-Zerbo$b Joseph 702 $aMukhta?r$b Muh?ammad Jama?l al-Di?n$f1918-1998, 702 $aFa?si?$b Muh?ammad 702 $aNiane$b Djibril Tamsir 702 $aOgot$b Bethwell A. 702 $aAjayi$b J. F. Ade 702 $aBoahen$b A. Adu 702 $aMazrui$b Ali Al?Amin 702 $aWondji$b Christophe$f1937-2015, 712 02$aUnesco.$bInternational Scientific Committee for the Drafting of a General History of Africa. 801 0$bOCLCE 801 1$bOCLCE 801 2$bOCLCF 801 2$bOCLCL 801 2$bOCLCQ 801 2$bOCLCA 801 2$bOCLCL 912 $a9911070618303321 996 $aGeneral history of Africa$94554049 997 $aUNINA